000 00543nam a2200193Ia 4500
005 20250508152410.0
008 008 250505s9999 xx 000 0 eng d
037 _aTextual
040 _aFEDL
_beng
_cFEDL
041 _aeng
_2eng
084 _a370.973, LEE
_qFEDL
100 _aLee Gordon C
245 0 _aIntroduction to education in modern America
260 _aNew York, USA
_bHenry Holt and Company
_c1957
300 _axvi,624p.
650 _aEducation
942 _cTEXL
_h370.973, LEE
999 _c1336175
_d1336175